| 000 | 00517nam a2200169 i 4500 | ||
|---|---|---|---|
| 001 | 46967 | ||
| 003 | ES-MaACL | ||
| 005 | 20230906161458.0 | ||
| 007 | t| | ||
| 008 | 030402s1932 it ||||1| ita d | ||
| 245 | 0 | 0 |
_aConte Biancamano _b: la clase de lujo : [datos sobre la nave]. |
| 260 |
_a[Milano] : _bVanzetti e Vanoletti, _c1931] |
||
| 300 |
_a15 h. ; _c22 cm. |
||
| 500 | _aPrecede al tít.: "Italia" Flotte Riunite. Genova. | ||
| 710 | 2 |
_aItalia-Flotte Riunite-Genova. _95311 |
|
| 852 |
_aES-MaACL _j1764-F-20 |
||
| 999 |
_c46967 _d46967 |
||